Catálogo de la Biblioteca Horacio González - Universidad Nacional de General Sarmiento

Mis otros yo = Multiplicity (Registro nro. 54934)

Detalles MARC
000 -CABECERA
campo de control de longitud fija 01185ngm a22002650a 4500
001 - NÚMERO DE CONTROL
campo de control PT36035
003 - IDENTIFICADOR DEL NÚMERO DE CONTROL
campo de control AR-LpoUNG
005 - FECHA Y HORA DE LA ÚLTIMA TRANSACCIÓN
campo de control 20210202000500.0
007 - CAMPO FIJO DE DESCRIPCIÓN FÍSICA--INFORMACIÓN GENERAL
campo de control de longitud fija vd cvaizq
008 - DATOS DE LONGITUD FIJA--INFORMACIÓN GENERAL
campo de control de longitud fija 191001suuuu||||ag |||||||||||||||||eng d
040 ## - FUENTE DE LA CATALOGACIÓN
Centro catalogador/agencia de origen AR-LpoUNG
Lengua de catalogación spa
Centro/agencia transcriptor AR-LpoUNG
Normas de descripción aacr
041 ## - CÓDIGO DE LENGUA
Código de lengua del texto/banda sonora o título independiente eng
044 ## - CÓDIGO DEL PAÍS DE LA ENTIDAD EDITORA/PRODUCTORA
Código MARC del país ag
082 0# - NÚMERO DE LA CLASIFICACIÓN DECIMAL DEWEY
Número de clasificación 809.7 173otr
100 1# - ENTRADA PRINCIPAL--NOMBRE DE PERSONA
Nombre de persona Ramis, Harold
Término indicativo de función/relación dir.
245 10 - MENCIÓN DE TÍTULO
Título Mis otros yo = Multiplicity
260 ## - PUBLICACIÓN, DISTRIBUCIÓN, ETC.
Lugar de publicación, distribución, etc. La Rioja :
Nombre del editor, distribuidor, etc. Lk-Tel,
Fecha de publicación, distribución, etc. 1996.
300 ## - DESCRIPCIÓN FÍSICA
Extensión VHS (110 min.) : son., col.
505 0# - NOTA DE CONTENIDO CON FORMATO
Nota de contenido con formato Diálogos en inglés con subtítulos en castellano. - Elenco: Michael Keaton, Andie MacDowell, Harris Yulin, Richard Masur
520 ## - SUMARIO, ETC.
Sumario, etc. Doug Kenney es un contratista cuyo trabajo está quitándole lo poco de tiempo que tiene para su familia. Desesperado y al límite de su resistencia física, se cruza con la solución ideal: el doctor Leeds, un genetista que ha descubierto la manera de clonar seres humanos. Ahora Doug va a tener varias versiones de sí mismo para aliviar su vida. Sin embargo, las cosas resultan al revés, cuando los clones comienzan a tomar sus propias decisiones
653 ## - TÉRMINO DE INDIZACIÓN--NO CONTROLADO
Término no controlado COMEDIA
653 ## - TÉRMINO DE INDIZACIÓN--NO CONTROLADO
Término no controlado VIDEOS
905 ## - ELEMENTOS DE DATOS E LOCAL, LDE (RLIN)
a 36035
942 ## - ELEMENTOS DE PUNTO DE ACCESO ADICIONAL (KOHA)
Tipo de ítem Koha Video
Existencias
Estado de retiro Estado de pérdida Estado dañado No para préstamo Código de colección Localización permanente Ubicación/localización actual Fecha de adquisición Total de préstamos Signatura topográfica completa Código de barras Fecha visto por última vez Precio válido a partir de Tipo de ítem Koha
        Colección Cine Biblioteca Universidad Nacional de General Sarmiento Biblioteca Universidad Nacional de General Sarmiento 02/02/2021   809.7 173otr 00043072 02/02/2021 02/02/2021 Video